000 00774nam a2200181Ia 4500
008 100920s9999 xx 000 0 und d
082 _b68988
_a51 0
100 _aअनु. पटवर्धन सीताराम पुरुषोत्तम.
245 _aमहात्माजींचे सत्याचे प्रयोग.
260 _bसुलभ राष्ट्रीय ग्रंथमाला ,पुणे.
_c0
300 _a469
_bसाधी
365 _b9
520 _aचरित्र.
630 _aमहात्माजींचे सत्याचे प्रयोग.
650 _aचरित्र.
730 _aमहात्माजींचे सत्याचे प्रयोग.
942 _cBOOK
999 _c711223
_d711220